[Event "Plovdiv BUL, 34th Tringov Mem"]
[Site "Plovdiv BUL"]
[Date "2012.02.05"]
[Round "9.8"]
[White "Filev, Georgi"]
[Black "Grigorov, Grigor"]
[Result "1/2-1/2"]
[WhiteElo "2349"]
[BlackElo "2491"]
[PlyCount "64"]
[EventDate "2012.01.29"]
[EventType "swiss"]
[EventRounds "9"]
[EventCountry "BUL"]

1. e4 c5 2. Nf3 d6 3. d4 cxd4 4. Nxd4 Nf6 5. Nc3 e6 6. Be2 Nc6 7. Be3 Be7 8.
O-O O-O 9. f4 a6 10. Kh1 Bd7 11. Qe1 b5 12. a3 Nxd4 13. Bxd4 Bc6 14. Qg3 Qd7
15. Rae1 a5 16. Bd3 b4 17. axb4 axb4 18. Nd1 g6 19. Nf2 Ra5 20. Ng4 Nxg4 21.
Qxg4 e5 22. Qxd7 Bxd7 23. Bb6 Ra2 24. fxe5 dxe5 25. Bc7 Rxb2 26. Bxe5 Ra2 27.
Ra1 Rxa1 28. Rxa1 Be6 29. Ra7 Re8 30. h3 Bf8 31. Bf6 Rc8 32. Rb7 Bd6 1/2-1/2

[Event "Plovdiv BUL, 34th Tringov Mem"]
[Site "Plovdiv BUL"]
[Date "2012.02.05"]
[Round "9.9"]
[White "Bratanov, Zsivko"]
[Black "Vlashki, Nino"]
[Result "0-1"]
[WhiteElo "2459"]
[BlackElo "2235"]
[PlyCount "104"]
[EventDate "2012.01.29"]
[EventType "swiss"]
[EventRounds "9"]
[EventCountry "BUL"]

1. d4 Nf6 2. Nf3 g6 3. Bg5 Bg7 4. Nbd2 O-O 5. c3 d6 6. e4 c5 7. dxc5 dxc5 8.
Bc4 Nc6 9. Qe2 Qc7 10. O-O Na5 11. Bd3 h6 12. Bh4 Nh5 13. Qe3 c4 14. Bc2 e5 15.
b4 cxb3 16. axb3 Be6 17. b4 Nc4 18. Nxc4 Bxc4 19. Rfd1 Rfc8 20. Ra3 a5 21. Rda1
b6 22. Bd1 Nf4 23. Bg3 Be6 24. h3 Rd8 25. Bc2 g5 26. h4 g4 27. Ne1 h5 28. bxa5
Rxa5 29. Nd3 Rxa3 30. Rxa3 Bh6 31. Bxf4 exf4 32. Qc1 Bc4 33. Nb4 Qd6 34. Qe1
Bg7 35. Ra1 Qf6 36. e5 Qxe5 37. Qxe5 Bxe5 38. Nc6 Re8 39. Re1 f6 40. Bg6 Bf7
41. Bxf7+ Kxf7 42. Nxe5+ fxe5 43. Rb1 Re6 44. Kf1 Kf6 45. Ke2 Kf5 46. Rb4 Rc6
47. Kd3 e4+ 48. Ke2 g3 49. fxg3 fxg3 50. Rb5+ Kg4 51. Re5 Rc4 52. Rb5 Ra4 {...
60.} 0-1

[Event "Plovdiv BUL, 34th Tringov Mem"]
[Site "Plovdiv BUL"]
[Date "2012.02.05"]
[Round "9.10"]
[White "Milchev, Nikolay"]
[Black "Sofranov, Velizar"]
[Result "1/2-1/2"]
[WhiteElo "2434"]
[BlackElo "2168"]
[PlyCount "58"]
[EventDate "2012.01.29"]
[EventType "swiss"]
[EventRounds "9"]
[EventCountry "BUL"]

1. c4 e5 2. g3 Nc6 3. Bg2 f5 4. Nc3 Nf6 5. a3 a5 6. d3 g6 7. e3 Bg7 8. Nge2 O-O
9. Rb1 d6 10. b4 axb4 11. axb4 Ne7 12. Qb3 Kh8 13. O-O g5 14. f4 gxf4 15. exf4
Rb8 16. h3 Be6 17. b5 b6 18. Bb2 Nd7 19. Na4 Qe8 20. Rbe1 Qf7 21. Qa3 Rg8 22.
Qa1 h6 23. d4 Bxc4 24. fxe5 Nf8 25. exd6 cxd6 26. Qa3 Rd8 27. Nxb6 Bxb5 28. Qb4
Bd3 29. Qd2 Bb5 {...49.} 1/2-1/2

[Event "Plovdiv BUL, 34th Tringov Mem"]
[Site "Plovdiv BUL"]
[Date "2012.02.05"]
[Round "9.17"]
[White "Dimitrov, Radoslav"]
[Black "Nenkov, Ljudmil"]
[Result "0-1"]
[WhiteElo "2437"]
[BlackElo "2297"]
[PlyCount "52"]
[EventDate "2012.01.29"]
[EventType "swiss"]
[EventRounds "9"]
[EventCountry "BUL"]

1. Nc3 d5 2. e4 dxe4 3. Nxe4 Nd7 4. d4 Ngf6 5. Ng3 e6 6. Nf3 c5 7. Be2 h5 8. h4
Qc7 9. Qd3 b6 10. c3 Bb7 11. O-O Bd6 12. Ng5 c4 13. Qe3 Nd5 14. Nxe6 fxe6 15.
Qxe6+ Kf8 16. Bg5 N7f6 17. Qf5 Re8 18. Bd1 Ne7 19. Qh3 Bc8 20. Qh1 Ned5 21. Ba4
Re7 22. Rae1 Kf7 23. Rxe7+ Qxe7 24. Bc6 Nf4 25. Be4 Qxe4 26. Bxf6 gxf6 0-1

[Event "Plovdiv BUL, 34th Tringov Mem"]
[Site "Plovdiv BUL"]
[Date "2012.02.05"]
[Round "9.18"]
[White "Bukal, Vladimir Jr"]
[Black "Livaja, Mario"]
[Result "1-0"]
[WhiteElo "2434"]
[BlackElo "2234"]
[PlyCount "45"]
[EventDate "2012.01.29"]
[EventType "swiss"]
[EventRounds "9"]
[EventCountry "BUL"]

1. d4 Nf6 2. c4 g6 3. g3 Bg7 4. Bg2 O-O 5. Nc3 d6 6. Nf3 Nc6 7. O-O e5 8. dxe5
Nxe5 9. Nxe5 dxe5 10. Qxd8 Rxd8 11. Bg5 Rf8 12. Nb5 c6 13. Nd6 h6 14. Be3 Ng4
15. Bc5 f5 16. e4 b6 17. Ba3 Bd7 18. Rad1 f4 19. Nf5 Rfd8 20. Nxg7 c5 21. Rd6
Kxg7 22. Rfd1 Nf6 23. gxf4 1-0

[Event "Plovdiv BUL, 34th Tringov Mem"]
[Site "Plovdiv BUL"]
[Date "2012.02.05"]
[Round "9.19"]
[White "Voiska, Margarita"]
[Black "Enchev, Ivajlo"]
[Result "1/2-1/2"]
[WhiteElo "2325"]
[BlackElo "2430"]
[PlyCount "23"]
[EventDate "2012.01.29"]
[EventType "swiss"]
[EventRounds "9"]
[EventCountry "BUL"]

1. Nf3 g6 2. g3 Bg7 3. d4 Nf6 4. Bg2 O-O 5. O-O d6 6. c4 Nbd7 7. Nc3 e5 8. e4
exd4 9. Nxd4 Re8 10. Re1 a5 11. h3 Nc5 12. Bg5 1/2-1/2

[Event "Plovdiv BUL, 34th Tringov Mem"]
[Site "Plovdiv BUL"]
[Date "2012.02.05"]
[Round "9.20"]
[White "Todorov, Ognjan"]
[Black "Ristic, Nenad"]
[Result "1/2-1/2"]
[WhiteElo "2294"]
[BlackElo "2427"]
[PlyCount "44"]
[EventDate "2012.01.29"]
[EventType "swiss"]
[EventRounds "9"]
[EventCountry "BUL"]

1. d4 Nf6 2. c4 c5 3. d5 b5 4. cxb5 a6 5. bxa6 g6 6. Nc3 Bxa6 7. Nf3 d6 8. g3
Bg7 9. Bg2 Nbd7 10. O-O Nb6 11. Rb1 Bc4 12. Nd2 Bxa2 13. Nxa2 Rxa2 14. b4 cxb4
15. Qb3 Qa8 16. Qxb4 Nfd7 17. Nc4 Ra4 18. Qxb6 Nxb6 19. Nxb6 Qb7 20. Bb2 Rd4
21. e3 Qxb6 22. Bxd4 Bxd4 1/2-1/2

[Event "Plovdiv BUL, 34th Tringov Mem"]
[Site "Plovdiv BUL"]
[Date "2012.02.05"]
[Round "9.21"]
[White "Yordanov, Nikolay Plamenov"]
[Black "Arsovic, Goran"]
[Result "0-1"]
[WhiteElo "2290"]
[BlackElo "2422"]
[PlyCount "79"]
[EventDate "2012.01.29"]
[EventType "swiss"]
[EventRounds "9"]
[EventCountry "BUL"]

1. e4 c5 2. Nf3 d6 3. d4 cxd4 4. Nxd4 Nf6 5. Nc3 a6 6. Be3 e5 7. Nb3 Be7 8. f3
Be6 9. Qd2 O-O 10. O-O-O Nbd7 11. g4 b5 12. g5 Nh5 13. Kb1 Nb6 14. Na5 Qc7 15.
Nd5 Nxd5 16. exd5 Bd7 17. Bd3 g6 18. Be4 f5 19. gxf6 Nxf6 20. Nc6 Bxc6 21. dxc6
Rf7 22. h4 Nxe4 23. fxe4 Qxc6 24. Qg2 Kh8 25. h5 g5 26. h6 Rg8 27. Rh3 Qc8 28.
Rg3 g4 29. Rg1 Bh4 30. Rf1 Rxf1+ 31. Qxf1 Rf8 32. Qg1 Bxg3 33. Qxg3 Rf3 34. Qh4
Qf8 35. Bc1 g3 36. Qg5 Rf1 37. c3 Rxc1+ 38. Qxc1 g2 39. Qg5 Qf1+ 40. Kc2 0-1

[Event "Plovdiv BUL, 34th Tringov Mem"]
[Site "Plovdiv BUL"]
[Date "2012.02.05"]
[Round "9.22"]
[White "Todorov, Momchil"]
[Black "Kukov, Velislav"]
[Result "0-1"]
[WhiteElo "2226"]
[BlackElo "2414"]
[PlyCount "58"]
[EventDate "2012.01.29"]
[EventType "swiss"]
[EventRounds "9"]
[EventCountry "BUL"]

1. d4 Nf6 2. c4 e6 3. Nf3 d5 4. Nc3 Be7 5. Bg5 O-O 6. e3 h6 7. Bh4 b6 8. Qb3
Bb7 9. cxd5 exd5 10. Bxf6 Bxf6 11. Rd1 c6 12. Be2 Nd7 13. O-O Re8 14. Rfe1 Nf8
15. e4 Ne6 16. exd5 cxd5 17. Bb5 Re7 18. Re3 Qd6 19. a4 a6 20. Bf1 Rae8 21. h4
g5 22. hxg5 hxg5 23. g3 Nxd4 24. Rxd4 Rxe3 25. fxe3 Qxg3+ 26. Bg2 Bxd4 27. exd4
g4 28. Nh2 Re1+ 29. Nf1 Qe3+ 0-1